Online
Catalog
Normal view MARC view

Entry Nombre personal

Number of records used in: 6

001 - NÚMERO DE CONTROL

  • campo de control: 33201

003 - IDENTIFICADOR DEL NÚMERO DE CONTROL

  • campo de control: BNPHU

005 - FECHA Y HORA DE LA ÚLTIMA TRANSACCIÓN

  • campo de control: 20240305131027.0

008 - DATOS DE LONGITUD FIJA

  • campo de control de longitud fija: 200615|| aca||aabn | a|a d

010 ## - NÚMERO DE CONTROL DE LA BIBLIOTECA DEL CONGRESO

  • Número de control de LC: no2004079125

040 ## - FUENTE DE LA CATALOGACIÓN

  • Centro catalogador/agencia de origen: DO-SdBNP
  • Lengua de catalogación: spa
  • Centro/agencia transcriptor: BNPHU
  • Normas de descripción: rda

100 1# - ENCABEZAMIENTO-NOMBRE DE PERSONA

  • Nombre de persona: Rodríguez, Néstor E.,
  • Fechas asociadas al nombre: 1971-

370 ## - LUGAR ASOCIADO

  • Fuente del término: La Romana (Dominican Republic) |c Dominican Republic |f Toronto (Ont.) |f Canada |2 naf
  • Lugar de nacimiento: La Romana (República Dominicana)
  • Lugar de fallecimiento: República Dominicana
  • Otro lugar asociado: Toronto (Ont.)
  • Otro lugar asociado: Canada

373 ## - GRUPO ASOCIADO

  • Grupo asociado: Universidad Emory
  • Grupo asociado: Universidad de Toronto

374 ## - OCUPACIÓN

  • Ocupación: Profesor universitario
  • Ocupación: Poeta
  • Ocupación: Editor

375 ## - GÉNERO/SEXO

  • Género/Sexo: Masculino

377 ## - LENGUA/LENGUAJE ASOCIADO

  • Código del idioma: spa

400 1# - TRAZADO DE VÉASE--NOMBRE DE PERSONA

  • Nombre de persona: Rodríguez, Néstor E.,
  • Fechas asociadas al nombre: 1971-

400 1# - TRAZADO DE VÉASE--NOMBRE DE PERSONA

  • Nombre de persona: Rodríguez, Néstor,
  • Fechas asociadas al nombre: 1971-

670 ## - FUENTE DE DATOS ENCONTRADOS

  • Cita de la fuente: Work cat.: (OSt)14239: Rodríguez, Néstor E, 1971-, Escrituras de desencuentro en la República Dominicana /, 2007.

670 ## - FUENTE DE DATOS ENCONTRADOS

  • Cita de la fuente: La isla y su envés, c2003

670 ## - FUENTE DE DATOS ENCONTRADOS

  • Cita de la fuente: Animal pedestre, c2004

Powered by Koha